00422nam a2200157Ia 45000010005000000080041000050200015000460400013000610820024000741000019000982450079001172500008001962600042002043000011002465460007002572042140314s9999 xx 000 0 und d a0553263900 cPK-LaUMT a 658.4080973bSMI-W aManuel J.Smith aWhen I say no, I feel guiltybhow to cope-using the skillscManuel J.Smith a3rd aNew Jersey,USA:bPrentice-Hall,c1975 a324 p. aEN